| 000 | 00377nam a2200121 4500 | ||
|---|---|---|---|
| 999 |
_c12498 _d12498 |
||
| 008 | 190128b ||||| |||| 00| 0 eng d | ||
| 100 |
_935224 _aPorcalla, Delon |
||
| 245 |
_aInclude mental health programs in curriculum, DepEd urged/ _cDelon Porcalla |
||
| 260 |
_aPhilippines _bThe Philippine Star _cc2018 |
||
| 300 | _apage 9. | ||
| 650 | 0 |
_935225 _aEducation. |
|
| 942 |
_2ddc _cPER |
||